00757 a2200217 4500010001400000020002300014035001300037037001800050082000800068090001500076100001800091245007700109260004900186270008400235300002900319500001900348710000600367942002300373999001500396952012800411 aENG-85132 a8131300137c595.00 aEN-68665 bD.B.Act / Pub14a620 c1449d14491 aSuri, Shalini1 aNano technolologycby Shalini Suribbasic science to emerging technology aNew DelhibAPH Publishing Corporatioonc2006 a5, Ansari Road, Darya GanjbNew Delhie110 002maphbooks@vsnl.netk011 23274050 aviii, 293p.b21cm. (Hb) aincludes index a. adplcENk620 / SUR c1434d1434 00102ddc40718NFICaDBADbDBADeDBAD/PUBg595.00l0o620pEN-68665r2008-09-15 00:00:00t1u1506v595.00w2008-09-15yEN